1315 1708 1867 1102 1587 1066 1583 1638 1937 1751 1083 1012 1525 1689 1432 1480 1515 1918 1753 1266 1699 1916 1453 1800 1526 1999 1971 1269 1381 1913 1734 1561 1580 1631 1499 1672 1229 1480 1140 1071 1830 1276 1081 1295 1504 1276 1600 1486 1317 1513 1013 1014 1772 1925 1774 1579 1065 1404 1401 1609 1906 1143 1723 1686 1746 1857 1383 1003 1365 1067 1924 1743 1502 1136 1845 1809 1631 1257 1581 1394 1141 1087 1120 1680 1018 1625 1394 1933 1513 1800 1814 1108 1561 1798 1308 1470 1442 1976 1648 BCNSPRNW ULIB Ver.6.0+V

เปลี่ยนเป็นภาษาไทย

Change to English
 แสดงรายละเอียดบรรณานุกรม
  กลับหน้าหลัก

Brief Record : Get Marc (ISO 2709) : E-mail record : QR code < ปิดหน้าต่าง
LEADER : 00000nam 2200000uu 4500
001    13399121908
003     ULIB
008    121213s2550||||th 000 0 tha d
020    ^a9789741107247
060 04 ^aWO100^bจ638พ 2550
100 0  ^aจุมพล วิลาศรัศมี
245 10 ^aพื้นฐานศัลยศาสตร์ /^cจุมพล วิลาศรัศมี ... [และคนอื่นๆ]
250    ^aพิมพ์ครั้งที่ 1
260    ^aกรุงเทพฯ :^bภาควิชาศัลยศาสตร์ คณะแพทยศาสตร์โรงพยาบาลรามาธิบดี มหาวิทยาลัยมหิดล,^c2550
300    ^aviii, 712 หน้า :^bภาพประกอบ ;^c30 ซม.
650  2 ^aCritical Care
650  2 ^aSurgery, Operative
650  7 ^aศัลยศาสตร์
650  7 ^aผู้ป่วยหนัก, การดูแล
710 2  ^aมหาวิทยาลัยมหิดล. ^bคณะแพทยศาสตร์โรงพยาบาลรามาธิบดี.^bภาควิชาศัลยศาสตร์
945    ^p800^l0^i14124
995    ^aทศพร
999    ^aทศพร เกษรทอง
รายการนี้ยังไม่มีแท็ก
คุณยังไม่ได้ล็อกอิน คุณสามารถมีกิจกรรมร่วมกับเว็บไซต์ได้ แต่ต้องล็อกอินก่อน ::
  ล็อกอิน

รายการสื่อสารสนเทศ

ลำดับที่ ประเภท เลขเรียก/บาร์โค้ด สถานที่ สถานะ
1. วิทยาศาสตร์การแพทย์ และสุขภาพ
วิทยาศาสตร์การแพทย์ และสุขภาพ
WO100 จ638พ 2550 ฉ.1 
  Barcode: 14124
ห้องสมุดวิทยาเขตสวรรค์ประชารักษ์
►ส่วนจัดเก็บหนังสือเก่า สปร
บนชั้น
  ขอยืม

รายการใกล้เคียง
    ผู้แต่ง [จุมพล วิลาศรัศมี]

    หัวเรื่อง [Critical Care]
    หัวเรื่อง [ศัลยศาสตร์]
    หัวเรื่อง [ผู้ป่วยหนัก, การดูแล]

BibComment


ยังไม่เคยถูกคอมเมนท์

คอมเมนท์ทรัพยากรรายการนี้
  คอมเมนท์: พื้นฐานศัลยศาสตร..


 Copyright 2026. Bcnsprnw @Library